| 000 | 00487nam a2200169 a 4500 | ||
|---|---|---|---|
| 001 | 3648 | ||
| 005 | 20140414131903.0 | ||
| 008 | 060921s19uu xx 00 eng d | ||
| 020 | _a0-671-63074-1 | ||
| 050 |
_aFIC _bH77 1989 |
||
| 100 | _aHope, Laura Lee | ||
| 245 |
_aThe new Bobbsey twins #11 : _bthe case of the crooked contest / _cby Laura Lee Hope. |
||
| 260 |
_aNew York : _bPocket books, _cc1989. |
||
| 300 | _a90 p. ; cm. | ||
| 440 | _aThe New Bobbsey Twins | ||
| 999 |
_c110772 _d110772 |
||